| 000 | 00350nam a2200145Ia 4500 | ||
|---|---|---|---|
| 008 | 150201s2004 xx 000 0 und d | ||
| 082 |
_a617.3 _bI2004T |
||
| 100 | _aTANNA D.D. | ||
| 245 | _aINTERLOCKING NAILING | ||
| 250 | _a2ND | ||
| 260 |
_bJAYPEE MEDICAL PUBLISHER _aDELHI _c2004 |
||
| 300 | _a1-232 | ||
| 650 | _aPHYSIOTHERAPY | ||
| 942 |
_2ddc _cBK |
||
| 999 |
_c3892 _d3892 |
||